| 000 | 01397nam a2200313 c 4500 | ||
|---|---|---|---|
| 003 | BLK | ||
| 005 | 20180420231041.0 | ||
| 008 | 180409b bul|||||r ||||||| ||bul|| | ||
| 010 | _aKNG00120740000 | ||
| 040 | _aBLK | ||
| 041 |
_aBUL _cBUL |
||
| 080 |
_aХудожествена обработка на дърво - Обгаряне (пирография), мозайка (интарзия), стругуване, резбарство, лакиране (Палех, Холуй, Жостово, Мстера, Федоскин _b745.51 _x _z745.51 |
||
| 100 | 1 |
_aДрумев, Димитър _eпърви автор _9313943 |
|
| 139 |
_aДрумев, Димитър _bД 91 |
||
| 245 | 1 | 0 |
_aРезбарско изкуство _cДимитър Друмев. |
| 257 | _aBGR | ||
| 260 |
_аСофия _bБАН _c1989 |
||
| 300 |
_a512 с. _bс ил. _c29 см |
||
| 380 | _a7 | ||
| 490 | 1 | _aБългарско художествено наследство | |
| 500 | _aАвт. не е отбелязан на кор. - 2 500 тир. - Рез. на рус., фр. Подв. : 12,94 лв | ||
| 650 | 4 |
_aДърворезба _9153986 |
|
| 653 | _aдърворезба | ||
| 852 | _aЦб ІІ 7424 | ||
| 856 | 4 |
_qpdf _u |
|
| 856 | 4 |
_qpdf _u |
|
| 942 |
_cKNG _n0 |
||
| 944 |
_aCR _c12.01.2011 _lдобави в АБ / 11.01.2011 _kНаталия_Любомирова |
||
| 944 |
_aED _c17.08.2015 _lдобави в АБ / 11.01.2011 _k |
||
| 999 |
_c115263 _d115263 |
||